Winesburg, Ohio. (Record no. 4008)

MARC details
000 -LEADER
fixed length control field 00727cam a2200241 4500
001 - CONTROL NUMBER
control field 4826
005 - DATE AND TIME OF LATEST TRANSACTION
control field 20250328160057.0
008 - FIXED-LENGTH DATA ELEMENTS--GENERAL INFORMATION
fixed length control field 761210t19771966nyu b 000 1 eng
010 ## - LIBRARY OF CONGRESS CONTROL NUMBER
LC control number 76030631
020 ## - INTERNATIONAL STANDARD BOOK NUMBER
International Standard Book Number 9780553214390
100 1# - MAIN ENTRY--PERSONAL NAME
Personal name Anderson, Sherwood,
Dates associated with a name 1876-1941.
245 10 - TITLE STATEMENT
Title Winesburg, Ohio.
Remainder of title
260 ## - PUBLICATION, DISTRIBUTION, ETC.
Place of publication, distribution, etc. London ;
Name of publisher, distributor, etc. Bantam Books,
Date of publication, distribution, etc. 1995.
300 ## - PHYSICAL DESCRIPTION
Extent 232 p. ;
Dimensions 20 cm.
490 0# - SERIES STATEMENT
Series statement The Viking critical library
600 10 - SUBJECT ADDED ENTRY--PERSONAL NAME
Personal name Anderson, Sherwood,
Dates associated with a name 1876-1941.
Title of a work Winesburg, Ohio.
650 #0 - SUBJECT ADDED ENTRY--TOPICAL TERM
Topical term or geographic name entry element City and town life
General subdivision Fiction.
Topical term or geographic name entry element City and town life in literature.
651 #0 - SUBJECT ADDED ENTRY--GEOGRAPHIC NAME
Geographic name Ohio
General subdivision In literature.
Geographic name Ohio
General subdivision Social life and customs
-- Fiction.
942 ## - ADDED ENTRY ELEMENTS (KOHA)
Source of classification or shelving scheme Dewey Decimal Classification
Koha item type Fiction
Holdings
Withdrawn status Lost status Source of classification or shelving scheme Damaged status Not for loan Collection code Home library Current library Shelving location Date acquired Serial Enumeration / chronology Inventory number Total Checkouts Total Renewals Full call number Barcode Date last seen Date last checked out Price effective from Koha item type
    Dewey Decimal Classification     Fiction RTC Library RTC Library Fiction 07/04/2022 6900 2 2 FIC 813.54 AND 30008076 28/03/2025 27/02/2025 27/11/2018 Fiction
Royal Thimphu College || All Right Reserved